| 000 | 01124 a2200253 4500 | ||
|---|---|---|---|
| 005 | 20260323122059.0 | ||
| 008 | 260323b |||||||| |||| 00| 0 eng d | ||
| 020 | _a9788126314751 (hbk) | ||
| 037 | _cTB | ||
| 040 |
_aCRL _cCRL |
||
| 041 |
_2hin _ahin _hsan |
||
| 084 |
_aO15,1A1 152Q6 _qCRL |
||
| 100 |
_aपोद्दार, वासुदेव _9860742 |
||
| 245 |
_aरामायण - महाभारत: _bकाल, इतिहास, सिद्धान्त |
||
| 250 | _aसंस्करण 4 | ||
| 260 |
_aदिल्ली, भारत: _bभारतीय ज्ञानपीठ, _c2016. |
||
| 300 | _a282पृ. | ||
| 365 |
_b300.00 _cINR |
||
| 490 | _aलोकोदय ग्रंथमाला: ग्रंथांक 842 | ||
| 650 | _aसंस्कृत काव्य | ||
| 650 |
_aरामायण - महाभारत _91137590 |
||
| 942 |
_cTB _2CC _eसंस्करण 4 _hO15,1A1 152Q6 |
||
| 999 |
_c1466711 _d1466711 |
||